League Champs Q-Abilities - Sudden Death - Statistics

General Stats
  • This quiz has been taken 12 times
  • The average score is 3 of 12
Answers on the Grid
Answers color-coded by a green-red scale on the quiz's grid according to % correct below.
Amumu
Aurora
Dr.Mundo
Elise
Fiddlesticks
Gnar
Irelia
K'Sante
Kled
Lillia
Lux
Morgana
Nautilus
Nunu
Ornn
Pyke
Rakan
Rek'Sai
Riven
Senna
Sett
Skarner
Tahm Kench
Teemo
Twisted Fate
Udyr
Vex
Volibear
Zac
Zilean
 
Answer Stats
Answer % Correct
Amumu
100%
Fiddlesticks
80%
K'Sante
40%
Kled
20%
Nautilus
20%
Ornn
20%
Pyke
0%
Riven
0%
Tahm Kench
0%
Volibear
0%
Zac
0%
Zilean
0%
No matching quizzes found
Score Distribution
Percent of People with Each Score
Percentile by Number Answered
Your Score History
You have not taken this quiz